Statistiche per Gerarchie angeliche

Clicka qui per fare il quiz!

Statistiche generali

  • Questo quiz è stato fatto 53 volte
  • Il punteggio medio è 5 su 9

Statistiche sulle risposte

GerarchieCori% Corretto
Terza gerarchiaAngeli
86%
Terza gerarchiaArcangeli
86%
Prima gerarchiaCherubini
83%
Prima gerarchiaSerafini
79%
Prima gerarchiaTroni
45%
Seconda gerarchiaDominazioni
36%
Seconda gerarchiaPotestà
33%
Terza gerarchiaPrincipati
31%
Seconda gerarchiaVirtù
31%

Distribuzione punteggi

Percentile per numero di risposta

Percentuale di utenti per punteggio

I tuoi punteggi nel tempo

Non hai fatto questo quiz